Mýty – omyly – nepravdy : O „chibách“ ve vzdělávání a pedagogice.

Bibliographic Details
Main Author: Janík, Tomáš.
Other Authors: Dammer, Karl-Heinz., Gonon, Philipp., Grunder, Hans-Ulrich., Haag, Ludwig., Knoll, Michael., Terhart, Ewald.
Format: eBook
Language:Czech
Published: Brno : Masaryk University, 2020.
Edition:1st ed.
Series:Reflexe
Subjects:
Online Access:Click to View
LEADER 02549nam a22004573i 4500
001 EBC6913593
003 MiAaPQ
005 20231204023221.0
006 m o d |
007 cr cnu||||||||
008 231204s2020 xx o ||||0 cze d
020 |a 9788021097544  |q (electronic bk.) 
020 |z 9788021097537 
035 |a (MiAaPQ)EBC6913593 
035 |a (Au-PeEL)EBL6913593 
035 |a (OCoLC)1305840261 
040 |a MiAaPQ  |b eng  |e rda  |e pn  |c MiAaPQ  |d MiAaPQ 
100 1 |a Janík, Tomáš. 
245 1 0 |a Mýty – omyly – nepravdy :  |b O „chibách“ ve vzdělávání a pedagogice. 
250 |a 1st ed. 
264 1 |a Brno :  |b Masaryk University,  |c 2020. 
264 4 |c {copy}2020. 
300 |a 1 online resource (124 pages) 
336 |a text  |b txt  |2 rdacontent 
337 |a computer  |b c  |2 rdamedia 
338 |a online resource  |b cr  |2 rdacarrier 
490 1 |a Reflexe ;  |v v.5 
505 0 |a Intro -- OBSAH -- PŘEDMLUVA (Tomáš Janík) -- ŠKOLA TO ZAŘÍDÍ… Přání, touhy a požadavky adresované škole (Hans-Ulrich Grunder) -- NON SCHOLAE, SED VITAE DISCIMUS Proč ne? Et scholae et vitae discimus (Ludwig Haag) -- TEDY HEZKY TISKNĚTE ANEB DÁT SLOVO DĚTEM K problému recepce Freinetovy pedagogiky (Hans-Ulrich Grunder) -- CO SE V MLÁDÍ NAUČÍŠ, VE STÁŘÍ JAKO KDYŽ NAJDEŠ ANEB CO SE HONZÍK NENAUČIL, TO SE UŽ HONZA NENAUČÍ K výchovnému potenciálu přísloví (Philipp Gonon) -- LEARNING BY DOING Ke genezi jednoho pedagogického hesla (Michael Knoll) -- NENÍ ZAPOTŘEBÍ VŠECHNO VĚDĚT, STAČÍ KDYŽ VÍTE, KDE TO NAJDETE (Karl-Heinz Dammer) -- ZÁLEŽÍ NA UČITELI… Úvahy nad pedagogickým klišé (Ewald Terhart) -- DOSLOV (Hans-Ulrich Grunder a Tomáš Janík). 
588 |a Description based on publisher supplied metadata and other sources. 
590 |a Electronic reproduction. Ann Arbor, Michigan : ProQuest Ebook Central, 2023. Available via World Wide Web. Access may be limited to ProQuest Ebook Central affiliated libraries.  
655 4 |a Electronic books. 
700 1 |a Dammer, Karl-Heinz. 
700 1 |a Gonon, Philipp. 
700 1 |a Grunder, Hans-Ulrich. 
700 1 |a Haag, Ludwig. 
700 1 |a Knoll, Michael. 
700 1 |a Terhart, Ewald. 
776 0 8 |i Print version:  |a Janík, Tomáš  |t Mýty – omyly – nepravdy  |d Brno : Masaryk University,c2020  |z 9788021097537 
797 2 |a ProQuest (Firm) 
830 0 |a Reflexe 
856 4 0 |u https://ebookcentral.proquest.com/lib/matrademy/detail.action?docID=6913593  |z Click to View